Hard fighting (Record no. 89751)
[ view plain ]
| 000 -LEADER | |
|---|---|
| fixed length control field | 01486nam a2200373 a 4500 |
| 082 04 - DEWEY DECIMAL CLASSIFICATION NUMBER | |
| Classification number | 956.9204/524095694 |
| 100 1# - MAIN ENTRY--AUTHOR NAME | |
| Personal name | Johnson, David E. |
| 245 10 - TITLE STATEMENT | |
| Title | Hard fighting |
| 260 ## - PUBLICATION, DISTRIBUTION, ETC. (IMPRINT) | |
| Place of publication | Santa Monica, Calif. : |
| Name of publisher | RAND, |
| Year of publication | 2011. |
| 300 ## - PHYSICAL DESCRIPTION | |
| Number of Pages | xxxv, 227 p. |
| 500 ## - GENERAL NOTE | |
| General note | "Prepared for the United States Army and the United States Air Force." |
| 650 #0 - SUBJECT ADDED ENTRY--TOPICAL TERM | |
| Topical Term | Asymmetric warfare |
| Topical Term | Lebanon War, 2006. |
| Topical Term | Gaza War, 2008-2009. |
| 856 40 - ELECTRONIC LOCATION AND ACCESS | |
| Uniform Resource Identifier | http://site.ebrary.com/lib/rucke/Doc?id=10556494 |
No items available.
